Ghar Ghar Wich Faroon / (Record no. 525588)
[ view plain ]
| 000 -LEADER | |
|---|---|
| fixed length control field | 00420nam a22001577a 4500 |
| 003 - CONTROL NUMBER IDENTIFIER | |
| control field | NUST |
| 038 ## - RECORD CONTENT LICENSOR | |
| Staff Name | waseem |
| 082 ## - DEWEY DECIMAL CLASSIFICATION NUMBER | |
| Classification number | 891.421 |
| Author Mark | ZAH |
| 100 ## - MAIN ENTRY--PERSONAL NAME | |
| Personal name | Zahid, Abu-ul-Shahoor |
| 9 (RLIN) | 16500 |
| 245 ## - TITLE STATEMENT | |
| Title | Ghar Ghar Wich Faroon / |
| Statement of responsibility, etc. | Abu-ul-Shahoor Zahid |
| 300 ## - PHYSICAL DESCRIPTION | |
| Extent | 104 p. ; |
| 500 ## - GENERAL NOTE | |
| General note | Hardcover. |
| 880 ## - ALTERNATE GRAPHIC REPRESENTATION | |
| Linkage | 100-01\r |
| Title | ابوالشعور زاہد |
| 880 ## - ALTERNATE GRAPHIC REPRESENTATION | |
| Linkage | 245-02\r |
| Title | گھرگھر وچ فرعون / |
| 942 ## - ADDED ENTRY ELEMENTS (KOHA) | |
| Source of classification or shelving scheme | |
| Koha item type | Book |
| Withdrawn status | Lost status | Source of classification or shelving scheme | Damaged status | Not for loan | Permanent Location | Current Location | Shelving location | Date acquired | Total Checkouts | Full call number | Barcode | Date last seen | Price effective from | Koha item type |
|---|---|---|---|---|---|---|---|---|---|---|---|---|---|---|
| Central Library (CL) | Central Library (CL) | Punjabi Literature | 07/03/2019 | 891.421 ZAH | CL-E-1479 | 07/03/2019 | 07/03/2019 | Book |
